00505nam a2200181 a 4500001001300000003000900013005001700022008004100039020002300080082001800103100001400121245006500135260004400200300000900244500003500253650002100288700001400309nice12345678IN_TiNIC20260116014646.0080402s2006 lona grp 000 0 eng  a0195680162 c52500a297.0954bROY aRoy, Asim aIslam in History and Politicsb Perspectives from South Asia aLondan bOxford University Press c2006 a224p aincludes index and biblioraphy aIslam-South Asia1 aRoy, Asim